000 00304cam a22001097a 4500
008 180718b1961 xxu||||| |||| 00| 0 eng d
082 _aA42x54 A/I/A
100 _aIndia. Ministry of Law
245 _aIndex to central and state acts
260 _aDelhi
_bThe Manager of Publications
_c1961
300 _a432p.
999 _c487814
_d487814